Las campañas electorales en la televisión /

Furkejuvvon:
Bibliográfalaš dieđut
Váldodahkki: Thoveron, Gabriel
Materiálatiipa: Texto
Fáttát:
Fáddágilkorat: Lasit fáddágilkoriid
Eai fáddágilkorat, Lasit vuosttaš fáddágilkora!

MARC

LEADER 00000 a a2200000 04500
001 44188
003
040
100 |a Thoveron, Gabriel  
245 |a Las campañas electorales en la televisión /  |c Gabriel Thoveron  
650 |a MEDIOS DE COMUNICACION  
650 |a TELEVISION  
650 |a ELECCIONES  
650 |a MEDIOS DE COMUNICACION  
650 |a PARTIDOS POLITICOS  
773 |g volumen38, número3 (1976), Páginas 649-668  
999 |c 25170  |d 25170